书目信息 |
| 题名: |
机械工程图学
|
|
| 作者: | 侯洪生 主编 | |
| 分册: | ||
| 出版信息: | 北京 科学出版社 2001.09 |
|
| 页数: | 379页 | |
| 开本: | 26cm | |
| 丛书名: | ||
| 单 册: | ||
| 中图分类: | TB , TH126 | |
| 科图分类: | ||
| 主题词: | 机械制图:计算机制图 | |
| 电子资源: | ||
| ISBN: | 7-03-009529-4 | |
| 000 | 00579nam0 2200205 45 | |
| 001 | 0234472133 | |
| 005 | 2002110909343213 | |
| 010 | @a7-03-009529-4@dRMB 32.00 | |
| 100 | @a20021109d2001 km y0chiy0120 ea | |
| 101 | 0 | @achi |
| 102 | @aCN@b110000 | |
| 200 | 1 | @a机械工程图学@Aji xie gong cheng tu xue@f侯洪生主编@Fhou hong sheng zhu bian |
| 210 | @a北京@c科学出版社@d2001.09 | |
| 215 | @a379页@d26cm | |
| 606 | 0 | @a机械制图:计算机制图 |
| 690 | @aTB@v3 | |
| 690 | @aTH126@v4 | |
| 701 | 0 | @a侯洪生@Ahou hong sheng@4主编 |
| 801 | 0 | @aCN@bPFT@c20021109 |
| 905 | @a10447@dTH126@eH423 | |
| 机械工程图学/侯洪生主编.-北京:科学出版社,2001.09 |
| 379页;26cm |
| ISBN 7-03-009529-4:RMB 32.00 |
| ● |
| 相关链接 |
|
|
|
正题名:机械工程图学
索取号:TH126/H423
 
预约/预借
| 序号 | 登录号 | 条形码 | 馆藏地/架位号 | 状态 | 备注 |
| 1 | 368707 | 203687073 | 自科二线400A/400A自科库 26排1列5层/ [索取号:TH126/H423] | 在馆 | |
| 2 | 368708 | 203687082 | 自科库501/501自科库 35排2列5层/ [索取号:TH126/H423] | 在馆 | |
| 3 | 368709 | 203687091 | 自科库501/501自科库 35排2列5层/ [索取号:TH126/H423] | 在馆 |